[Event "Niederbayernliga 1516"]
[Site "Bayern"]
[Date "2016.04.10"]
[Round "9.3"]
[White "Schmidbauer, Franz"]
[Black "Ofierzynski, Krystian"]
[Result "0-1"]
[WhiteElo "1806"]
[BlackElo "1678"]
[PlyCount "136"]
[EventDate "2015.10.11"]
[EventType "team-tourn"]
[EventRounds "9"]
[EventCountry "GER"]
[SourceTitle "EXT 2023"]
[Source "ChessBase"]
[SourceDate "2022.10.05"]
[SourceVersion "1"]
[SourceVersionDate "2022.10.05"]
[SourceQuality "1"]
[WhiteTeam "Deggendorf II"]
[BlackTeam "Landau Dingolfing II"]
[WhiteTeamCountry "GER"]
[BlackTeamCountry "GER"]

1. e4 e5 2. Nf3 Nc6 3. Bb5 a6 4. Ba4 Nf6 5. 0-0 b5 6. Bb3 d6 7. Re1 Bg4 8. c3 Be7 9. d3 0-0 10. Nbd2 Qd7 11. Nf1 Nd8 12. h3 Bh5 13. Ng3 Bg6 14. Nh4 Kh8 15. Nhf5 a5 16. h4 a4 17. Bc2 Bxf5 18. Nxf5 Ne6 19. Re3 g6 20. Nxe7 Qxe7 21. Rh3 Nh5 22. Bh6 Rg8 23. d4 Nhf4 24. Rh2 f6 25. d5 Ng7 26. g3 Nfh5 27. Bd3 Qd7 28. Be2 c6 29. dxc6 Qxc6 30. Qd3 Rab8 31. Rd1 Rgd8 32. g4 Nf4 33. Bxf4 exf4 34. Qf3 Ne6 35. Qg2 b4 36. Rh3 a3 37. bxa3 bxc3 38. Rc1 c2 39. Qf1 Nd4 40. Bd3 f3 41. Rh1 Ne2+ 42. Bxe2 fxe2 43. Qxe2 Rb1 44. Kh2 Rb2 45. Qd3 Qc5 46. Kg2 Rc8 47. h5 g5 48. Rhe1 Rxa2 49. Qb3 Rxa3 50. Qe6 Rf8 51. h6 Qc8 52. Qxc8 Rxc8 53. Re2 Ra2 54. Rd2 Rc6 55. Kf3 Kg8 56. Ke3 Kf7 57. Kd3 Kg6 58. Rdxc2 Raxc2 59. Rxc2 Rxc2 60. Kxc2 Kxh6 61. Kd3 Kg6 62. Kd4 Kf7 63. Kd5 Ke7 64. Kc6 Ke6 65. f3 Ke5 66. Kd7 Kf4 67. Kxd6 Kxf3 68. Ke6 Kxe4 0-1